[Event "Kazakhstan Cup Women 2020"]
[Site "Almaty"]
[Date "2020.12.18"]
[Round "9.3"]
[White "Balabayeva, Xeniya"]
[Black "Kurmangaliyeva, Liya"]
[Result "1/2-1/2"]
[WhiteElo "2146"]
[BlackElo "1974"]
[Annotator "TA"]
[PlyCount "135"]
[EventDate "2020.12.01"]
[EventType "tourn"]
[EventCountry "KAZ"]
[SourceTitle "playchess.com"]
[Source "ChessBase"]
[SourceQuality "1"]

{[%evp 9,135,-7,16,4,10,4,16,0,14,-18,-4,-12,-16,-15,-8,-15,0,-11,9,2,13,0,96,13,36,28,77,21,29,11,12,12,8,6,13,10,4,3,24,4,16,15,16,6,29,0,0,0,0,0,0,0,0,-14,-14,-12,0,-22,0,-16,-16,-15,-21,-28,0,-23,0,0,0,0,0,0,0,0,0,-9,0,0,0,0,0,0,0,0,0,-33,0,0,0,0,0,0,0,0,0,0,0,0,0,0,0,0,0,0,0,0,0,0,0,0,0,0,0,0,0,0,0,0,0,0,0,-18,-16,-18,0,-31,0,-18]} 1. e4 c5 2. Nc3 Nc6 3. Bb5 Nd4 4. Nf3 a6 5. Bc4 e6 6. Nxd4 {B30: Sicilian: 2...Nc6 3 Bb5, lines without ...g6.} (6. Bb3 {keeps more tension.} b5 7. d3 Bb7 8. Nxd4 cxd4 9. Ne2) 6... cxd4 7. Ne2 Nf6 8. d3 Bc5 9. O-O d5 10. exd5 Nxd5 11. Nf4 Nxf4 12. Bxf4 O-O 13. Qf3 {[#]} Ra7 $146 ({Predecessor:} 13... Bd6 14. Rfe1 Bxf4 15. Qxf4 b5 16. Bb3 Bb7 17. Re5 Qd6 18. Qg3 Rac8 19. Rae1 Rc5 20. Rxc5 Qxc5 {1-0 (56) Polzin,R (2415)-Colpe,M (2378) Germany 2019}) 14. a4 b6 15. Qg3 Qf6 (15... Be7 $11) 16. h4 ({Better is} 16. b4 $16 Bxb4 17. Be5) 16... Qg6 17. Qh2 Qh5 18. Rae1 (18. Rfe1 $16) 18... Be7 $1 $11 19. Bg3 Bf6 20. Be5 Rd7 21. Bxf6 gxf6 22. f3 Kh8 23. Kf2 b5 24. g4 Qh6 25. axb5 axb5 26. Bb3 Bb7 27. Qg3 Bd5 28. Bxd5 Rxd5 29. Re2 Rc8 30. Kg2 Rdc5 31. Qf2 Qf4 32. Kh3 f5 33. Qg2 Re5 34. Rxe5 Qxe5 {[%mdl 4096] Endgame KQR-KQR} 35. g5 Qf4 36. Rf2 Qc1 37. b3 Qf4 38. Re2 Qc1 39. Qf2 Qf4 40. Qg3 Qxg3+ 41. Kxg3 {KR-KR} b4 42. Kf4 Rc5 43. h5 {[#] aiming for h6.} Kg7 44. Kg3 Kf8 45. Kf4 Kg7 46. Rg2 Ra5 47. Rh2 Rd5 48. Re2 Rc5 49. Kg3 Kf8 50. f4 Ke7 51. Kh4 Rc8 52. Rh2 Ra8 53. Re2 Rc8 54. Kg3 Kd6 55. Kh3 Rc5 56. Kg3 Rc8 57. Kh4 Ke7 58. Rf2 Ra8 59. Re2 Rc8 60. Kg3 Kd6 61. Kf2 {Cut Off at move 61} Ra8 62. Kg2 Ra1 63. Re5 Rc1 64. Re2 Ke7 65. Rf2 Kf8 66. Kh2 Kg7 67. Kg2 Kf8 68. Kh2 {Weighted Error Value: White=0.09/Black=0.09} 1/2-1/2

[Event "Kazakhstan Cup Women 2020"]
[Site "Almaty"]
[Date "2020.12.18"]
[Round "9.4"]
[White "Nurmanova, Alua"]
[Black "Serikbay, Assel"]
[Result "1-0"]
[WhiteElo "2026"]
[BlackElo "2247"]
[Annotator "TA"]
[PlyCount "118"]
[EventDate "2020.12.01"]
[EventType "tourn"]
[EventCountry "KAZ"]
[SourceTitle "playchess.com"]
[Source "ChessBase"]
[SourceQuality "1"]

{[%evp 18,118,43,40,57,39,57,45,56,50,50,44,70,62,67,35,49,42,120,133,163,170,206,108,169,182,201,165,240,99,222,128,127,62,65,0,11,8,12,0,0,0,35,0,0,0,0,0,0,-20,17,0,0,-44,-33,-62,41,0,0,0,0,0,0,0,39,38,40,0,31,19,20,0,23,1,2,2,2,-16,36,36,36,36,36,36,36,36,36,22,22,22,22,22,116,113,157,157,157,45,68,16,54,54,59]} 1. e4 e6 2. d4 d5 3. Nc3 Nf6 4. e5 Nfd7 5. f4 c5 6. Nf3 Nc6 7. Be3 a6 8. Qd2 b5 9. dxc5 Nxc5 10. Qf2 Nd7 {C11: French: Classical System: 4 e5 and 4 Bg5 dxe4.} 11. O-O-O Qa5 {aiming for ...b4.} 12. Kb1 $1 b4 13. Ne2 Nc5 14. Ned4 Nxd4 15. Nxd4 ({Of course not} 15. Rxd4 $6 Ne4 $11) 15... Ne4 16. Qe1 Qc7 17. Bd3 Bb7 (17... Bd7 $14) 18. Rf1 {[#]} g6 $146 ({Predecessor:} 18... Bc5 19. f5 Qb6 20. fxe6 fxe6 21. Bxe4 dxe4 22. Nxe6 Qxe6 23. Bxc5 {1-0 (23) Rodriguez Guerrero,E (2447)-Garcia Ramos,J (2242) Mislata 2007}) 19. g4 $1 O-O-O {[#]} 20. Qe2 (20. f5 $1 $18) 20... Nc5 (20... Bc5 $16) 21. Rc1 Kb8 22. f5 Ka8 (22... Qd7 $142 23. fxe6 fxe6) 23. fxg6 (23. fxe6 $18 {has better winning chances.} fxe6 24. c3 Qxe5 25. cxb4 Nxd3 26. Qxd3) 23... fxg6 (23... hxg6 $16 24. Nf3 Be7) 24. Bg5 (24. c3 $18 Qxe5 25. cxb4 Nxd3 26. Qxd3) 24... Rc8 $16 25. Bf6 ({Better is} 25. Nb3 $16) 25... Rg8 $1 $14 26. c3 (26. Rcd1 $14) 26... Qb6 {Hoping for ...Na4.} 27. cxb4 Qxb4 28. Nc2 Qb6 {And now ...Na4 would win.} 29. Qe3 Ka7 30. Bg5 h6 31. Bh4 Nxd3 32. Qxd3 Bc5 33. Be1 a5 34. Qd2 Ba6 35. Rf7+ Ka8 36. Bf2 Qb5 ({Black should try} 36... Bxf2 $15 37. Qxf2 Qxf2 38. Rxf2 Bd3) 37. Ne1 Bb4 38. Qe3 $1 {[%csl Gf2,Gf7][%cal Re3a7]} Rxc1+ 39. Qxc1 {White threatens Ra7+ and mate.} Rc8 40. Rc7 Qb7 (40... Rxc7 {keeps more tension.} 41. Qxc7 Qb7 42. Qc2 d4 43. Qxg6 Qd5) 41. Rxc8+ Qxc8 42. Qxc8+ Bxc8 {[%mdl 4096] Endgame KBB-KBN} 43. Nd3 Be7 44. Be3 g5 45. Bb6 Ba6 46. Kc2 a4 47. Kc3 Kb7 (47... Bxd3 $11 48. Kxd3 Kb7) 48. Bc5 Bxd3 49. Bxe7 {KB-KB} Be2 50. Bf8 h5 51. gxh5 Bxh5 52. Kb4 Bd1 $1 53. h3 Kc6 54. Be7 g4 (54... d4 $1 $11 {remains equal.}) 55. hxg4 $16 Bxg4 56. Kxa4 d4 {[#]} 57. Kb3 (57. b4 $1 $16) 57... Kd5 $14 58. Bf6 ({White should play} 58. Bg5 $1 $14) 58... Bd1+ 59. Kb4 Be2 {Weighted Error Value: White=0.23/Black=0.24} 1-0

[Event "Kazakhstan Cup Women 2020"]
[Site "Almaty"]
[Date "2020.12.18"]
[Round "9.5"]
[White "Dauletova, Gulmira"]
[Black "Kamalidenova, Meruert"]
[Result "1-0"]
[WhiteElo "2319"]
[BlackElo "2231"]
[Annotator "TA"]
[PlyCount "173"]
[EventDate "2020.12.01"]
[EventType "tourn"]
[EventCountry "KAZ"]
[SourceTitle "playchess.com"]
[Source "ChessBase"]
[SourceQuality "1"]

{[%evp 9,173,0,0,0,0,0,0,-55,-10,-39,0,0,7,21,26,-12,0,0,13,0,18,9,34,42,31,14,54,34,92,97,81,84,83,93,79,-4,-2,-24,7,0,0,0,0,0,0,0,0,0,0,0,15,-53,-53,-53,-53,-56,-58,-58,-58,-47,-44,-40,-54,-50,-50,-53,-42,-42,-37,-54,-26,-62,-22,-47,-1,0,0,0,0,-37,0,-42,0,0,0,-5,-18,-86,-9,-11,-12,-31,-37,-37,12,0,0,0,0,0,2,0,0,0,0,0,23,23,20,22,464,465,568,545,533,506,431,0,401,193,160,133,517,93,512,35,35,0,560,558,532,520,506,508,600,600,598,570,601,598,567,541,541,509,1319,1111,1565,1212,12831,4163,12838,12840,12840,12840,12841,12842,12844,12842,12843,12840,12842,12843,12844,12843,12848,12848]} 1. e4 c5 2. Nf3 d6 3. d4 cxd4 4. Qxd4 Nf6 5. c4 Nc6 6. Qe3 {B53: Sicilian: 2...d6: Lines with Qxd4.} g6 7. Be2 Bg7 8. h3 (8. O-O $11) 8... O-O 9. O-O a5 10. Nc3 a4 {[#]} 11. Rd1 $146 ({Predecessor:} 11. Rb1 Nd7 12. b4 axb3 13. axb3 Nc5 14. b4 Nd7 15. Rd1 Qb6 16. Nd5 Qxe3 17. Bxe3 {½-½ (129) Karaahmetoglu,E (2061)-Danaci,E (1760) Antalya 2018}) 11... Nd7 12. Bd2 Nc5 13. Rac1 Be6 14. Be1 Qb8 15. Rb1 Nb4 16. Nd4 Nc6 17. Ncb5 Rc8 18. Bc3 Ne5 (18... Nxd4 $14 19. Bxd4 Bxd4 20. Rxd4 (20. Nxd4 Bd7 $14) 20... f6) 19. b3 $16 axb3 20. axb3 ({But not} 20. Nxe6 $6 bxa2 21. Nxg7 axb1=N $14) 20... Bd7 21. f4 Nc6 22. h4 (22. Nf3 $16) 22... Nxd4 $11 23. Bxd4 Bxb5 24. cxb5 Bxd4 25. Rxd4 Ne6 26. Rc4 Rxc4 27. Bxc4 Qa7 28. b6 Qa5 29. b4 Qa3 30. Qf2 (30. Qxa3 $11 Rxa3 31. Bd5) 30... Rc8 $15 31. Bd5 Qd3 32. Qf1 Qe3+ 33. Qf2 Qxf2+ 34. Kxf2 Nxf4 35. Bxb7 {[%mdl 4096] Endgame KRB-KRN} Rb8 36. Ba6 Rxb6 37. Bf1 Kg7 38. Ke3 Ne6 39. b5 Nc5 40. Bc4 e6 41. Kd4 Kf6 42. Ra1 Rb7 43. g4 Nd7 44. Be2 Nb6 45. Ra6 Ke7 46. g5 e5+ 47. Ke3 d5 48. Bf1 (48. exd5 $11 {remains equal.} Nxd5+ 49. Kd2) 48... d4+ (48... Nc4+ $17 49. Bxc4 dxc4) 49. Kd3 $11 Kd6 50. Kc2 Kc5 51. Kb3 f6 52. Ra1 {[#] Threatens to win with Rc1+.} f5 53. Rc1+ Kd6 54. Rc6+ Ke7 $1 55. Bd3 f4 56. Be2 Nd7 57. Kb4 Ra7 58. Bg4 f3 $1 {[%cal Rf3f2]} 59. Bxf3 {Black must now prevent Bg4.} Rb7 $2 {[%mdl 8192] [#]} (59... Ra1 $11) 60. Bg4 $1 $18 Nb8 61. Re6+ {Cut Off at move 61} Kd8 62. Rd6+ Kc7 63. Re6 Kd8 $1 64. Kc4 (64. b6 $142) 64... Rc7+ 65. Kd5 Nd7 $2 {[%mdl 8192]} (65... d3 $16 {is a better chance.} 66. Kxe5 Rc5+ 67. Kf4 Rxb5 68. Rd6+ Ke7 69. Rxd3 Rb7) 66. Rc6 $2 (66. Rd6 $18 {Hoping for b6.} Ke7 67. Rc6) 66... Rb7 $2 {[%mdl 8192]} (66... d3 $16 67. Rd6 Ke7 68. Re6+ Kd8) 67. Kc4 $2 (67. Be2 $18 {Ke6 is the strong threat.} Ke7 68. b6) 67... Rc7 $1 $14 68. Kd5 $2 {[%mdl 8192]} (68. Rxc7 $14 Kxc7 69. Be6) 68... Rb7 $18 {Black is now going downhill.} 69. Be2 {White is clearly winning.} Ke7 70. Re6+ Kd8 71. Ra6 Kc7 72. Rc6+ Kd8 73. Ke6 Rb8 74. Rd6 Rb7 75. Bc4 Kc8 76. Bd5 Rb6 (76... Nc5+ $142 77. Kxe5 Rxb5 78. Kxd4 Nb3+ 79. Ke3 Kc7) 77. Bc6 Nb8 78. Kxe5 Nxc6+ 79. bxc6 {KR-KR} ({Don't blunder} 79. Rxc6+ $2 Rxc6 80. Kxd4 (80. bxc6 $2 {loses.} d3 $19) 80... Rd6+ 81. Kc5 Kd7 $19) 79... d3 80. Rxd3 Rxc6 81. Rf3 Rc5+ 82. Kd6 Rc4 83. Rf8+ Kb7 84. Kd5 Rc7 85. e5 Rd7+ 86. Ke6 Kc7 87. Rf7 {Weighted Error Value: White=0.14/Black=0.28} 1-0